श्री देवनारायण कथा : (Record no. 121664)
[ view plain ]
| 000 -LEADER | |
|---|---|
| fixed length control field | 01294nam a22002537a 4500 |
| 005 - DATE AND TIME OF LATEST TRANSACTION | |
| control field | 20170124103218.0 |
| 010 ## - LIBRARY OF CONGRESS CONTROL NUMBER | |
| LC control number | B-135674 |
| 020 ## - INTERNATIONAL STANDARD BOOK NUMBER | |
| Terms of availability | 680.00 |
| International Standard Book Number | 8124602255 |
| 035 ## - SYSTEM CONTROL NUMBER | |
| System control number | B-135674 |
| 037 ## - SOURCE OF ACQUISITION | |
| Source of stock number/acquisition | Cen Lib/Ret |
| 040 ## - CATALOGING SOURCE | |
| Original cataloging agency | DPL |
| Language of cataloging | HN |
| 082 ## - DEWEY DECIMAL CLASSIFICATION NUMBER | |
| Classification number | 230.1 |
| Item number | श्रीदेव |
| 245 ## - TITLE STATEMENT | |
| Title | श्री देवनारायण कथा : |
| Statement of responsibility, etc | संपादक आदित्य मलिक |
| Remainder of title | मारवाड़ का पारम्परिक गायन / |
| 246 ## - VARYING FORM OF TITLE | |
| Title proper/short title | Shri Devnarayana katha : marwad ka paramparik gayan / |
| Remainder of title | sampadak Aditya Malik |
| 260 ## - PUBLICATION, DISTRIBUTION, ETC. (IMPRINT) | |
| Place of publication, distribution, etc | नई दिल्ली |
| Name of publisher, distributor, etc | डी.के.प्रिंटवर्ल्ड |
| Date of publication, distribution, etc | 2003 |
| 270 ## - ADDRESS | |
| City | नई दिल्ली |
| Address | 'श्री कुंज' एफ-52, बाली नगर |
| Postal code | 110015 |
| 300 ## - PHYSICAL DESCRIPTION | |
| Extent | xiv,408पृ. : |
| Dimensions | 20सेमी(सजिल्द) |
| Other physical details | सचित्र |
| 650 ## - SUBJECT ADDED ENTRY--TOPICAL TERM | |
| Topical term or geographic name as entry element | देवानारायण (हिंदू देवता) - काव्य। |
| 9 (RLIN) | 100180 |
| 650 ## - SUBJECT ADDED ENTRY--TOPICAL TERM | |
| Topical term or geographic name as entry element | लोक गीत, राजस्थानी |
| 9 (RLIN) | 43135 |
| 650 ## - SUBJECT ADDED ENTRY--TOPICAL TERM | |
| Topical term or geographic name as entry element | Devanārāyana (Hindu deity) -- Poetry. |
| 9 (RLIN) | 100181 |
| 650 ## - SUBJECT ADDED ENTRY--TOPICAL TERM | |
| Topical term or geographic name as entry element | Folk songs, Rajasthani. |
| 9 (RLIN) | 43136 |
| 700 ## - ADDED ENTRY--PERSONAL NAME | |
| Personal name | मलिक, आदित्य |
| 9 (RLIN) | 100182 |
| 942 ## - ADDED ENTRY ELEMENTS (KOHA) | |
| Source of classification or shelving scheme | Dewey Decimal Classification |
| Koha item type | Hindi Books |
| Classification part | 230.1 |
| Call number suffix | श्रीदेव |
| Withdrawn status | Lost status | Damaged status | Not for loan | Home library | Current library | Date acquired | Source of acquisition | Cost, normal purchase price | Total Checkouts | Full call number | Barcode | Date last seen | Copy number | Cost, replacement price | Price effective from | Koha item type |
|---|---|---|---|---|---|---|---|---|---|---|---|---|---|---|---|---|
| Central Library | Central Library | 12/10/2015 | Cen Lib/Ret | 680.00 | 230.1 श्रीदेव | B-135674 | 12/10/2015 | 1 | 680.00 | 12/10/2015 | Hindi Books |
